| 000 | 00496nam a2200205Ia 4500 | ||
|---|---|---|---|
| 003 | OSt | ||
| 005 | 20220915125346.0 | ||
| 008 | 210210b2006 xxu||||| |||| 00| 0 eng d | ||
| 040 | _cAL | ||
| 041 | _aeng | ||
| 082 | _a657.48 RAMF | ||
| 100 |
_aRAMAN (B S) _957648 |
||
| 245 | _aFinancial accounting III | ||
| 260 |
_aMangalore _bUnited Publishers _c2006 |
||
| 300 | _a554 | ||
| 650 |
_aBCOM III SEM _957649 |
||
| 690 |
_aFinancial Accounting _957650 |
||
| 906 | _a063714 | ||
| 942 |
_2ddc _cBK |
||
| 999 |
_c138720 _d138720 |
||